| 000 | 01362cam a2200373 a 4500 | ||
|---|---|---|---|
| 001 | 51151 | ||
| 005 | 20230411085656.0 | ||
| 008 | 931104s1994 nyua b 001 0 eng | ||
| 010 | _a 93043308 | ||
| 035 | _a(OCoLC)ocm29357226 | ||
| 040 |
_aDLC _cDLC _dIAC _dUBA _dMUQ _dBAKER _dBTCTA |
||
| 020 | _a082478927X (acid-free paper) | ||
| 020 | _a9780824789275 (acid-free paper) | ||
| 029 | 1 |
_aNZ1 _b3620771 |
|
| 035 | _a(OCoLC)29357226 | ||
| 050 | 1 | 4 |
_aTA1637 _bD52 1994 |
| 082 | 0 | 0 |
_a621.36/7/0285 _220 |
| 049 | _aGRAL | ||
| 245 | 0 | 0 |
_aDigital image processing methods / _cedited by Edward R. Dougherty. |
| 260 |
_aNew York : _bM. Dekker, _cc1994. |
||
| 300 |
_axxvi, 472 p. : _bill. ; _c23 cm. |
||
| 490 | 1 |
_aOptical engineering ; _v42 |
|
| 504 | _aIncludes bibliographical references and index. | ||
| 650 | 0 |
_aImage processing _xDigital techniques. |
|
| 650 | 6 |
_aTraitement d'images _xTechniques numâeriques |
|
| 650 | 7 |
_aProcessamento grafico (graphics) _2larpcal |
|
| 700 | 1 | _aDougherty, Edward R. | |
| 830 | 0 |
_aOptical engineering (Marcel Dekker, Inc.) ; _vv. 42. |
|
| 856 | 4 | 2 |
_3Publisher description _uhttp://www.loc.gov/catdir/enhancements/fy0648/93043308-d.html |
| 938 |
_aBaker and Taylor _bBTCP _n93043308 |
||
| 938 |
_aBaker & Taylor _bBKTY _c229.95 _d229.95 _i082478927X _n0002408572 _sactive |
||
| 942 |
_2lcc _cbk |
||
| 994 |
_aC0 _bDRFGD |
||
| 999 |
_c105732 _d105732 |
||